Statistiques concernant Les plus gros transferts Français du Football

Cliquez ici pour prendre le quiz!

Statistiques générales

  • Ce quiz a été pris 848 fois
    (10 depuis la dernière actualisation)
  • Le résultat moyen est 44 sur 50

Statistiques - réponses

SaisonClub de départClub d'arrivéeMontantJoueur% Correct
2017/18Olympique LyonnaisArsenal53M€Alexandre Lacazette
100%
2015/16AS MonacoManchester United60M€Anthony Martial
100%
2019/20Atlético MadridFC Barcelone120M€Antoine Griezmann
100%
2022/23AS MonacoReal Madrid80M€Aurélien Tchouaméni
100%
2023/24AS MonacoChelsea45M€Axel Disasi
100%
2017/18AS MonacoManchester City57M€Benjamin Mendy
100%
2022/23AS MonacoChelsea37M€Benoît Badiashile
100%
2023/24Olympique LyonnaisPSG45M€Bradley Barcola
100%
2023/24RB LeipzigChelsea60M€Christopher Nkunku
100%
2017/18Olympique LyonnaisBayern Munich41M€Corentin Tolisso
100%
2019/20Olympique LyonnaisReal Madrid48M€Ferland Mendy
100%
2019/20G.BordeauxFC Séville35M€Jules Koundé
100%
2022/23FC SévilleFC Barcelone50M€Jules Koundé
100%
2018/19AS MonacoPSG180M€Kylian Mbappé
100%
2019/20Atlético MadridBayern Munich80M€Lucas Hernández
100%
2023/24Bayern MunichPSG45M€Lucas Hernández
100%
2023/24Bayer LeverkusenAston Villa55M€Moussa Diaby
100%
2017/18Borussia DortmundFC Barcelone135M€Ousmane Dembélé
100%
2016/17Stade RennaisBorussia Dortmund35M€Ousmane Dembélé
100%
2023/24FC BarcelonePSG50M€Ousmane Dembélé
100%
2016/17JuventusManchester United105M€Paul Pogba
100%
2023/24Eintracht FrancfortPSG95M€Randal Kolo Muani
100%
2021/22Real MadridManchester United40M€Raphaël Varane
100%
2019/20Olympique LyonnaisTottenham62M€Tanguy Ndombélé
100%
2018/19AS MonacoAtlético Madrid72M€Thomas Lemar
100%
2022/23LeicesterChelsea80M€Wesley Fofana
100%
2020/21AS Saint-EtienneLeicester35M€Wesley Fofana
100%
2001/02JuventusReal Madrid77M€Zinédine Zidane
100%
2019/20VfB StuttgartBayern Munich35M€Benjamin Pavard
88%
2023/24Bayern MunichInter Milan30M€Benjamin Pavard
88%
2023/24Olympique LyonnaisRB Leipzig30M€Castello Lukeba
88%
2018/19FC SévilleFC Barcelone35M€Clément Lenglet
88%
2021/22Stade RennaisReal Madrid31M€Eduardo Camavinga
88%
2014/15FC PortoManchester City45M€Eliaquim Mangala
88%
2023/24Montpellier HSCRC Lens30M€Elye Wahi
88%
2021/22RB LeipzigLiverpool40M€Ibrahima Konaté
88%
2016/17LeicesterChelsea35M€N'Golo Kanté
88%
2023/24GalatasarayBayern Munich30M€Sacha Boey
88%
2021/22RB LeipzigBayern Munich42M€Dayot Upamecano
75%
2009/10Olympique LyonnaisReal Madrid35M€Karim Benzema
75%
2019/20FC SévilleAS Monaco40M€Wissam Ben Yedder
75%
2021/22ChelseaWest Ham35M€Kurt Zouma
63%
2015/16SouthamptonManchester United35M€Morgan Schneiderlin
63%
2001/02AC ParmaJuventus36M€Lilian Thuram
50%
2016/17Newcastle UnitedTottenham35M€Moussa Sissoko
50%
2000/01Real MadridPSG34M€Nicolas Anelka
50%
1999/00ArsenalReal Madrid35M€Nicolas Anelka
50%
2017/18AS MonacoChelsea40M€Tiemoué Bakayoko
50%
2022/23TSG HoffenheimLeeds United34M€Georginio Rutter
38%
2016/17FC SévilleAtlético Madrid32M€Kévin Gameiro
38%

Distribution des résultats

Percentile par nombre de réponses

% des personnes avec chaque résultat

Votre développement - résultats

Vous n’avez pas pris ce quiz depuis la dernière actualisation